MacBook all-in-one for dummies
Combining the fun-but-straightforward content of nine minibooks, this new edition of MacBook All-in-One For Dummies delivers helpful coverage of the rich features and essential tools you need to know to use the MacBook to its fullest potential. You'll learn an array of MacBook basics while vete...
Guardado en:
| Autor principal: | |
|---|---|
| Formato: | Libro |
| Lenguaje: | Undetermined |
| Publicado: |
Hoboken, N.J.
John wiley & Sons
2012
|
| Materias: | |
| Etiquetas: |
Agregar Etiqueta
Sin Etiquetas, Sea el primero en etiquetar este registro!
|
| Thư viện lưu trữ: | Trung tâm Học liệu Trường Đại học Cần Thơ |
|---|
| LEADER | 01140nam a2200205Ia 4500 | ||
|---|---|---|---|
| 001 | CTU_216567 | ||
| 008 | 210402s9999 xx 000 0 und d | ||
| 020 | |c 2.99 | ||
| 082 | |a 004.165 | ||
| 082 | |b Ch445 | ||
| 100 | |a Chambers, Mark L. | ||
| 245 | 0 | |a MacBook all-in-one for dummies | |
| 245 | 0 | |c Mark L. Chambers | |
| 260 | |a Hoboken, N.J. | ||
| 260 | |b John wiley & Sons | ||
| 260 | |c 2012 | ||
| 520 | |a Combining the fun-but-straightforward content of nine minibooks, this new edition of MacBook All-in-One For Dummies delivers helpful coverage of the rich features and essential tools you need to know to use the MacBook to its fullest potential. You'll learn an array of MacBook basics while veteran author Mark Chambers walks you through setting up your MacBook, running programs, finding files with Finder, searching with Spotlight, keeping track with Address Book, enjoying music with iTunes, creating cool multimedia projects with iLife, and more. | ||
| 650 | |a MacBook (Computer),Portable computer,MacBook (máy tính),Máy tính xách tay | ||
| 904 | |i Qhieu | ||
| 980 | |a Trung tâm Học liệu Trường Đại học Cần Thơ | ||